Multiple Whedon Shows Quiz Stats

 Plays Quiz Updated Mar 27, 2020

     
Support Sporcle.
Go Orange.
Score 0/30 Timer 08:00
0 Plays Today
Shows Actor/Actress % Correct
Buffy the Vampire Slayer, AngelSarah Michelle Gellar
81.4%
Firefly, Buffy the Vampire Slayer, Dr. Horrible's Sing-Along BlogNathan Fillion
75.3%
Buffy the Vampire Slayer, Angel, DollhouseEliza Dushku
69.1%
Buffy the Vampire Slayer, AngelDavid Boreanaz
67.6%
Buffy the Vampire Slayer, AngelAlyson Hannigan
63.6%
Buffy the Vampire Slayer, AngelCharisma Carpenter
54.3%
Buffy the Vampire Slayer, AngelJames Marsters
48.6%
Angel, Firefly, DollhouseSummer Glau
46.7%
Buffy the Vampire Slayer, Angel, DollhouseAlexis Denisof
43.2%
Angel, DollhouseAmy Acker
43.1%
Buffy the Vampire Slayer, AngelSeth Green
41.7%
Firefly, DollhouseAlan Tudyk
41.2%
Angel, FireflyGina Torres
40.6%
Angel, FireflyAdam Baldwin
39.1%
Buffy the Vampire Slayer, Dr. Horrible's Sing-Along Blog, DollhouseFelicia Day
36.7%
Shows Actor/Actress % Correct
Buffy the Vampire Slayer, AngelJulie Benz
26.6%
Buffy the Vampire Slayer, AngelJuliet Landau
25.3%
Buffy the Vampire Slayer, AngelMercedes McNab
19.6%
Buffy the Vampire Slayer, AngelTom Lenk
18.9%
Dollhouse, Dr. Horrible's Sing-Along BlogJed Whedon
11.7%
Buffy the Vampire Slayer, Angel, FireflyJoss Whedon
11.7%
Buffy the Vampire Slayer, Angel, FireflyJonathan M. Woodward
9.5%
Buffy the Vampire Slayer, AngelMark Metcalf
7.9%
Firefly, DollhouseMark Sheppard
7.5%
Buffy the Vampire Slayer, Angel, FireflyCarlos Jacott
6.4%
Angel, Buffy the Vampire Slayer, FireflyAndy Umberger
6%
Buffy the Vampire Slayer, AngelJulia Lee
5.1%
Dollhouse, Dr. Horrible's Sing-Along BlogMaurissa Tancharoen
4.7%
Buffy the Vampire Slayer, FireflyJeff Ricketts
3.1%
Firefly, DollhouseGregg Henry
2.6%

From the Vault

'A' Television Characters

by sunnyskates8

These TV characters always get called on first.
Remove Ads.
Support Sporcle.
Get the best of Sporcle when you Go Orange. This ad-free experience offers more features, more stats, and more fun while also helping to support Sporcle. Thank you for becoming a member.

Show Comments

Extras

Top Quizzes Today


Score Distribution

Your Account Isn't Verified!

In order to create a playlist on Sporcle, you need to verify the email address you used during registration. Go to your Sporcle Settings to finish the process.

Report this User

Report this user for behavior that violates our Community Guidelines.

Details: